000 00671nam a2200217 a 4500
999 _c23298
_d23298
001 vtls008903730
005 20220824083445.0
008 061213s1994 xo cze d
020 _a8020604561
_c301.00
035 _aLMAOSK2060
040 _aLMAOSK
_bslo
_cLMAOSK
041 1 _acze
_heng
080 _a355.318.2(44)
100 1 _aMacDonald, Peter
_93292
245 1 _aCizinecká legie
_cPeter Macdonald
250 _a1. vyd.
260 _aPraha
_bNaše vojsko
_c1994
300 _a191 s.
610 1 7 _aFrancúzsko.
_bArmée.
_bLégion étrangére
_93293